Not Quite First Place Quiz Stats

 Plays Quiz Updated Apr 28, 2016

Challenge
Share
Tweet
Embed
Score 0/18 Timer 05:00
2 Plays Today
Name the second... Answer % Correct
Biggest city in the U.S. (by population)Los Angeles
80.2%
Indiana Jones movieIndiana Jones and the Temple of Doom
79.5%
Most commonly spoken native languageSpanish
74.1%
Element in the periodic tableHelium
73.2%
Highest grossing movie by worldwide box officeTitanic
70.2%
Harry Potter bookChamber of Secrets
68.5%
Largest lake (by area)Lake Superior
45.5%
Youngest U.S. president at inaugurationJohn F. Kennedy
40%
Largest Canadian province/territoryQuebec
39.7%
Name the second... Answer % Correct
American Idol winnerRuben Studdard
35.5%
Most sold handheld consoleGame Boy & Game Boy Color
35.4%
Country with the longest coastlineIndonesia
34.1%
Female U.S. Supreme Court justice Ruth Bader Ginsburg
33.8%
NBA career points leaderKarl Malone
29.3%
Oldest U.S. universityCollege of William and Mary
23.6%
Roman emperorTiberius
16.6%
Beatles #1 on U.S. Billboard charts She Loves You
9.3%
Fastest land mammal Pronghorn antelope
8.8%

You're not logged in!

Compare scores with friends on all Sporcle quizzes.
Join for Free
OR
Log In

You Might Also Like...

Show Comments

Extras

Top Quizzes Today


Score Distribution

Your Account Isn't Verified!

In order to create a playlist on Sporcle, you need to verify the email address you used during registration. Go to your Sporcle Settings to finish the process.

Report this User

Report this user for behavior that violates our Community Guidelines.

Details: